[Event "6. Esbjerg Efterår - Esbjergmesterskabet 2023"]
[Site "Rybners HTX"]
[Date "????.??.??"]
[Round "3.3"]
[White "Skytte, Rasmus"]
[Black "Hye, Allan"]
[Result "1-0"]
[WhiteElo "2322"]
[BlackElo "1987"]

1. e4 {[%clk 00:20:06]} {[%emt 00:00:03]} c6 {[%clk 00:20:08]} {[%emt
00:00:04]} 2. d4 {[%emt 00:00:11]} d5 {[%clk 00:20:11]} 3. Nc3 {[%clk
00:20:04]} {[%emt 00:00:02]} dxe4 {[%clk 00:20:14]} {[%emt 00:00:02]} 4. Nxe4
{[%clk 00:20:00]} {[%emt 00:00:09]} Bf5 {[%clk 00:20:15]} {[%emt 00:00:04]} 5.
Ng3 {[%clk 00:20:02]} {[%emt 00:00:02]} Bg6 {[%clk 00:20:18]} {[%emt 00:00:03]}
6. h4 {[%clk 00:20:04]} {[%emt 00:00:02]} h6 {[%clk 00:20:18]} {[%emt
00:00:05]} 7. Nh3 {[%clk 00:20:07]} {[%emt 00:00:02]} e6 {[%clk 00:19:18]}
{[%emt 00:01:06]} 8. Nf4 {[%clk 00:20:08]} {[%emt 00:00:03]} Bh7 {[%clk
00:19:18]} {[%emt 00:00:06]} 9. Bc4 {[%clk 00:20:09]} {[%emt 00:00:03]} Nf6
{[%clk 00:17:37]} {[%emt 00:01:46]} 10. O-O {[%clk 00:20:09]} {[%emt 00:00:04]}
Bd6 {[%clk 00:14:07]} {[%emt 00:03:36]} 11. Re1 {[%clk 00:20:04]} {[%emt
00:00:10]} O-O {[%clk 00:13:36]} {[%emt 00:00:37]} 12. Ngh5 {[%clk 00:19:58]}
{[%emt 00:00:10]} Nbd7 {[%clk 00:11:50]} {[%emt 00:01:53]} 13. Nxe6 {[%clk
00:19:43]} {[%emt 00:00:19]} fxe6 {[%clk 00:09:12]} {[%emt 00:02:42]} 14. Rxe6
{[%clk 00:18:25]} {[%emt 00:01:23]} Kh8 {[%clk 00:07:44]} {[%emt 00:01:34]} 15.
Rxd6 {[%clk 00:18:07]} {[%emt 00:00:23]} Nxh5 {[%clk 00:04:45]} {[%emt
00:03:05]} 16. Qxh5 {[%clk 00:17:54]} {[%emt 00:00:17]} Qe7 {[%clk 00:04:45]}
{[%emt 00:00:05]} 17. Re6 {[%clk 00:16:48]} {[%emt 00:01:11]} Qb4 {[%clk
00:04:36]} {[%emt 00:00:15]} 18. Qe2 {[%clk 00:15:20]} {[%emt 00:01:31]} Bg8
{[%clk 00:03:36]} {[%emt 00:01:06]} 19. c3 {[%clk 00:13:52]} {[%emt 00:01:33]}
Qb6 {[%clk 00:03:39]} {[%emt 00:00:03]} 20. Re7 {[%clk 00:12:37]} {[%emt
00:01:19]} Bxc4 {[%clk 00:02:46]} {[%emt 00:00:59]} 21. Qxc4 {[%clk 00:12:24]}
{[%emt 00:00:18]} Qd8 {[%clk 00:02:49]} {[%emt 00:00:02]} 22. Qe6 {[%clk
00:11:46]} {[%emt 00:00:42]} Nf6 {[%clk 00:02:45]} {[%emt 00:00:10]} 23. Bd2
{[%clk 00:10:43]} {[%emt 00:01:06]} Nd5 {[%clk 00:02:32]} {[%emt 00:00:20]} 24.
Rxb7 {[%clk 00:09:58]} {[%emt 00:00:49]} Qxh4 {[%clk 00:02:16]} {[%emt
00:00:21]} 25. g3 {[%clk 00:09:06]} {[%emt 00:00:57]} Qh5 {[%clk 00:01:48]}
{[%emt 00:00:34]} 26. Qd7 {[%clk 00:06:36]} {[%emt 00:02:35]} Qg6 {[%clk
00:01:51]} {[%emt 00:00:03]} 27. Re1 {[%clk 00:03:55]} {[%emt 00:02:44]} Rad8
{[%clk 00:01:13]} {[%emt 00:00:44]} 28. Qh3 {[%clk 00:02:41]} {[%emt 00:01:18]}
Qf6 {[%clk 00:01:05]} {[%emt 00:00:15]} 29. Qg2 {[%clk 00:02:27]} {[%emt
00:00:17]} Rde8 {[%clk 00:01:06]} {[%emt 00:00:06]} 30. c4 {[%clk 00:02:01]}
{[%emt 00:00:31]} Nb6 {[%clk 00:00:37]} {[%emt 00:00:34]} 31. Rxe8 {[%emt
00:00:44]} Rxe8 {[%clk 00:00:41]} 32. Bc3 {[%clk 00:01:17]} {[%emt 00:00:09]}
Na4 {[%clk 00:00:43]} {[%emt 00:00:04]} 33. Qf1 {[%clk 00:00:35]} {[%emt
00:00:48]} Nxc3 {[%clk 00:00:30]} {[%emt 00:00:18]} 34. bxc3 {[%clk 00:00:38]}
{[%emt 00:00:02]} Qf3 {[%clk 00:00:34]} {[%emt 00:00:01]} 35. Qb1 {[%clk
00:00:22]} {[%emt 00:00:21]} Qxc3 {[%clk 00:00:16]} {[%emt 00:00:23]} 36. Rb8
{[%clk 00:00:21]} {[%emt 00:00:06]} Rxb8 {[%clk 00:00:18]} {[%emt 00:00:03]} 37.
Qxb8+ {[%clk 00:00:25]} {[%emt 00:00:02]} Kh7 {[%clk 00:00:22]} 38. Qxa7 {[%clk
00:00:20]} {[%emt 00:00:09]} Qe1+ {[%clk 00:00:23]} {[%emt 00:00:04]} 39. Kg2
{[%clk 00:00:19]} {[%emt 00:00:06]} Qe4+ {[%clk 00:00:27]} {[%emt 00:00:02]} 40.
Kh2 {[%clk 00:00:21]} {[%emt 00:00:02]} Qf3 {[%clk 00:00:18]} {[%emt 00:00:15]}
41. d5 {[%clk 00:00:22]} {[%emt 00:00:04]} cxd5 {[%clk 00:00:21]} {[%emt
00:00:01]} 42. cxd5 {[%clk 00:00:25]} {[%emt 00:00:02]} Qxd5 {[%clk 00:00:25]}
{[%emt 00:00:01]} 43. a4 {[%clk 00:00:27]} {[%emt 00:00:04]} h5 {[%clk
00:00:29]} {[%emt 00:00:01]} 44. a5 {[%clk 00:00:29]} {[%emt 00:00:03]} h4
{[%clk 00:00:33]} 45. gxh4 {[%clk 00:00:33]} {[%emt 00:00:01]} Qe5+ {[%clk
00:00:35]} {[%emt 00:00:03]} 46. Kg2 {[%clk 00:00:34]} {[%emt 00:00:02]} Qe4+
{[%clk 00:00:39]} {[%emt 00:00:02]} 47. Kg3 {[%clk 00:00:36]} {[%emt 00:00:04]}
Qe5+ {[%clk 00:00:43]} {[%emt 00:00:02]} 48. Kf3 {[%clk 00:00:35]} {[%emt
00:00:04]} Qd5+ {[%clk 00:00:45]} {[%emt 00:00:04]} 49. Ke3 {[%clk 00:00:38]}
{[%emt 00:00:02]} Qb3+ {[%clk 00:00:48]} {[%emt 00:00:03]} 50. Kd4 {[%clk
00:00:38]} {[%emt 00:00:04]} Qb2+ {[%clk 00:00:49]} {[%emt 00:00:05]} 51. Kd5
{[%clk 00:00:41]} {[%emt 00:00:02]} Qd2+ {[%clk 00:00:51]} {[%emt 00:00:04]} 52.
Kc6 {[%clk 00:00:42]} {[%emt 00:00:02]} Qc3+ {[%clk 00:00:45]} {[%emt
00:00:11]} 53. Qc5 {[%clk 00:00:45]} {[%emt 00:00:03]} Qf6+ {[%clk 00:00:46]}
{[%emt 00:00:04]} 54. Kb7 {[%clk 00:00:44]} {[%emt 00:00:05]} Qf7+ {[%clk
00:00:47]} {[%emt 00:00:03]} 55. Qc7 {[%clk 00:00:46]} {[%emt 00:00:04]} Qxf2
{[%clk 00:00:49]} {[%emt 00:00:03]} 56. a6 {[%clk 00:00:36]} {[%emt 00:00:15]}
Qf3+ {[%clk 00:00:53]} {[%emt 00:00:01]} 57. Qc6 {[%clk 00:00:38]} {[%emt
00:00:03]} Qb3+ {[%clk 00:00:57]} {[%emt 00:00:01]} 58. Kc7 {[%clk 00:00:40]}
{[%emt 00:00:03]} Qg3+ {[%clk 00:00:58]} {[%emt 00:00:04]} 59. Qd6 {[%clk
00:00:39]} {[%emt 00:00:05]} Qxh4 {[%clk 00:00:55]} {[%emt 00:00:08]} 60. a7
{[%clk 00:00:40]} {[%emt 00:00:05]} Qc4+ {[%clk 00:00:59]} {[%emt 00:00:01]} 61.
Qc6 {[%clk 00:00:42]} {[%emt 00:00:03]} Qf4+ {[%clk 00:01:01]} {[%emt
00:00:02]} 62. Kb7 {[%clk 00:00:45]} {[%emt 00:00:03]} Qf7+ {[%clk 00:01:02]}
{[%emt 00:00:04]} 63. Kb8 {[%clk 00:00:43]} {[%emt 00:00:06]} Qb3+ {[%clk
00:01:02]} {[%emt 00:00:05]} 64. Kc7 {[%clk 00:00:40]} {[%emt 00:00:09]} Qf7+
{[%clk 00:01:06]} {[%emt 00:00:01]} 65. Qd7 {[%clk 00:00:41]} {[%emt 00:00:03]}
Qc4+ {[%clk 00:01:09]} {[%emt 00:00:03]} 66. Kd8 {[%clk 00:00:43]} {[%emt
00:00:03]} Qg8+ {[%clk 00:01:10]} {[%emt 00:00:04]} 67. Ke7 {[%clk 00:00:43]}
{[%emt 00:00:04]} Qa8 {[%clk 00:01:14]} {[%emt 00:00:02]} 68. Qf5 {[%clk
00:00:32]} {[%emt 00:00:15]} g6 {[%clk 00:01:13]} {[%emt 00:00:06]} 69. Qf7
{[%clk 00:00:33]} {[%emt 00:00:03]} 1-0

[Event "6. Esbjerg Efterår - Esbjergmesterskabet 2023"]
[Site "Rybners HTX"]
[Date "????.??.??"]
[Round "3.4"]
[White "Hansen, Lars"]
[Black "Tranberg Jensen, Henrik"]
[Result "1-0"]
[WhiteElo "2229"]
[BlackElo "1963"]

1. e4 {[%clk 00:20:07]} {[%emt 00:00:02]} c6 {[%clk 00:20:06]} {[%emt
00:00:04]} 2. d4 {[%clk 00:20:08]} {[%emt 00:00:04]} d5 {[%clk 00:20:10]}
{[%emt 00:00:01]} 3. exd5 {[%clk 00:20:11]} {[%emt 00:00:01]} cxd5 {[%clk
00:20:14]} {[%emt 00:00:01]} 4. Bd3 {[%clk 00:20:15]} {[%emt 00:00:01]} Nc6
{[%clk 00:20:07]} {[%emt 00:00:12]} 5. c3 {[%clk 00:20:18]} {[%emt 00:00:02]}
Nf6 {[%clk 00:20:11]} {[%emt 00:00:01]} 6. Bf4 {[%clk 00:20:21]} {[%emt
00:00:02]} g6 {[%clk 00:19:52]} {[%emt 00:00:24]} 7. Nf3 {[%clk 00:20:09]}
{[%emt 00:00:17]} Bg7 {[%clk 00:19:41]} {[%emt 00:00:16]} 8. O-O {[%clk
00:20:03]} {[%emt 00:00:11]} Bg4 {[%clk 00:19:10]} {[%emt 00:00:36]} 9. h3
{[%clk 00:19:03]} {[%emt 00:01:06]} Bxf3 {[%clk 00:19:12]} {[%emt 00:00:02]} 10.
Qxf3 {[%clk 00:19:07]} {[%emt 00:00:02]} O-O {[%clk 00:19:15]} {[%emt
00:00:02]} 11. Nd2 {[%clk 00:19:04]} {[%emt 00:00:08]} Nh5 {[%clk 00:18:02]}
{[%emt 00:01:18]} 12. Bh2 {[%clk 00:18:29]} {[%emt 00:00:41]} e5 {[%clk
00:17:56]} {[%emt 00:00:10]} 13. dxe5 {[%clk 00:17:56]} {[%emt 00:00:38]} Nxe5
{[%clk 00:17:58]} {[%emt 00:00:04]} 14. Bxe5 {[%clk 00:17:32]} {[%emt
00:00:29]} Bxe5 {[%clk 00:18:01]} {[%emt 00:00:02]} 15. Rfe1 {[%clk 00:17:15]}
{[%emt 00:00:22]} Qd6 {[%clk 00:17:37]} {[%emt 00:00:29]} 16. Rad1 {[%clk
00:17:08]} {[%emt 00:00:12]} Rfe8 {[%clk 00:15:31]} {[%emt 00:02:11]} 17. Kh1
{[%clk 00:15:44]} {[%emt 00:01:29]} Bf4 {[%clk 00:14:53]} {[%emt 00:00:43]} 18.
Nb3 {[%clk 00:14:46]} {[%emt 00:01:02]} a6 {[%clk 00:14:14]} {[%emt 00:00:45]}
19. Nd4 {[%clk 00:13:15]} {[%emt 00:01:37]} Re5 {[%clk 00:11:59]} {[%emt
00:02:19]} 20. Nf5 {[%clk 00:08:56]} {[%emt 00:04:24]} Qe6 {[%clk 00:08:20]}
{[%emt 00:03:42]} 21. Rxe5 {[%clk 00:07:48]} {[%emt 00:01:15]} Qxe5 {[%clk
00:07:54]} {[%emt 00:00:32]} 22. g3 {[%clk 00:06:40]} {[%emt 00:01:12]} Bg5
{[%clk 00:06:19]} {[%emt 00:01:40]} 23. h4 {[%clk 00:06:15]} {[%emt 00:00:30]}
Bf6 {[%clk 00:06:11]} {[%emt 00:00:13]} 24. Nh6+ {[%clk 00:05:23]} {[%emt
00:00:57]} Kg7 {[%clk 00:05:42]} {[%emt 00:00:34]} 25. Ng4 {[%clk 00:04:59]}
{[%emt 00:00:28]} Qe6 {[%clk 00:05:19]} {[%emt 00:00:28]} 26. Ne3 {[%clk
00:03:26]} {[%emt 00:01:38]} Qh3+ {[%clk 00:04:32]} {[%emt 00:00:52]} 27. Kg1
{[%clk 00:03:30]} {[%emt 00:00:02]} Bxh4 {[%clk 00:04:17]} {[%emt 00:00:19]} 28.
Nf5+ {[%clk 00:03:06]} {[%emt 00:00:28]} gxf5 {[%clk 00:03:58]} {[%emt
00:00:25]} 29. Bxf5 {[%clk 00:02:17]} {[%emt 00:00:53]} 1-0

[Event "6. Esbjerg Efterår - Esbjergmesterskabet 2023"]
[Site "Rybners HTX"]
[Date "????.??.??"]
[Round "3.5"]
[White "Rossen, Claus"]
[Black "Paludan, Noah"]
[Result "1-0"]
[WhiteElo "2027"]
[BlackElo "1865"]

1. e4 {[%clk 00:20:08]} c5 {[%clk 00:20:04]} {[%emt 00:00:07]} 2. Nc3 {[%clk
00:20:08]} {[%emt 00:00:06]} Nc6 {[%clk 00:19:25]} {[%emt 00:00:43]} 3. f4
{[%clk 00:20:11]} {[%emt 00:00:03]} g6 {[%clk 00:19:11]} {[%emt 00:00:19]} 4.
Nf3 {[%clk 00:20:13]} {[%emt 00:00:03]} Bg7 {[%clk 00:19:11]} {[%emt 00:00:04]}
5. Bc4 {[%clk 00:20:11]} {[%emt 00:00:08]} e6 {[%clk 00:19:08]} {[%emt
00:00:07]} 6. f5 {[%clk 00:20:13]} {[%emt 00:00:03]} gxf5 {[%clk 00:17:44]}
{[%emt 00:01:30]} 7. d3 {[%clk 00:20:16]} {[%emt 00:00:02]} Nge7 {[%clk
00:16:19]} {[%emt 00:01:29]} 8. O-O {[%clk 00:20:13]} {[%emt 00:00:07]} d5
{[%clk 00:15:24]} {[%emt 00:01:00]} 9. exd5 {[%clk 00:19:25]} {[%emt 00:00:53]}
exd5 {[%clk 00:15:22]} {[%emt 00:00:07]} 10. Bb3 {[%clk 00:19:21]} {[%emt
00:00:10]} Be6 {[%clk 00:14:23]} {[%emt 00:01:03]} 11. Qe1 {[%clk 00:18:59]}
{[%emt 00:00:28]} Qd7 {[%clk 00:13:31]} {[%emt 00:00:57]} 12. Kh1 {[%clk
00:16:55]} {[%emt 00:02:09]} d4 {[%clk 00:06:31]} {[%emt 00:07:04]} 13. Ne2
{[%clk 00:12:49]} {[%emt 00:04:11]} Bxb3 {[%clk 00:03:54]} {[%emt 00:02:43]} 14.
axb3 {[%clk 00:12:52]} {[%emt 00:00:02]} O-O {[%clk 00:03:48]} {[%emt
00:00:11]} 15. Nf4 {[%clk 00:11:57]} {[%emt 00:01:00]} Rfe8 {[%clk 00:03:05]}
{[%emt 00:00:48]} 16. Qg3 {[%clk 00:09:39]} {[%emt 00:02:23]} Ng6 {[%clk
00:02:47]} {[%emt 00:00:23]} 17. Nh5 {[%clk 00:09:42]} {[%emt 00:00:02]} f4
{[%clk 00:01:54]} {[%emt 00:00:58]} 18. Bxf4 {[%clk 00:09:27]} {[%emt
00:00:20]} Re6 {[%clk 00:00:30]} {[%emt 00:01:29]} 19. Ng5 {[%clk 00:08:02]}
{[%emt 00:01:30]} Re2 {[%clk 00:00:15]} {[%emt 00:00:20]} 20. Ne4 {[%clk
00:08:05]} {[%emt 00:00:02]} Re8 {[%clk 00:00:11]} {[%emt 00:00:10]} 21. Nef6+
{[%emt 00:01:19]} 1-0

[Event "6. Esbjerg Efterår - Esbjergmesterskabet 2023"]
[Site "Rybners HTX"]
[Date "????.??.??"]
[Round "3.6"]
[White "Sandmann, Villads Majvang"]
[Black "Holmsgaard, Henrik"]
[Result "1/2-1/2"]
[WhiteElo "1977"]
[BlackElo "2134"]

1. e4 {[%clk 00:20:09]} {[%emt 00:35:27]} c5 {[%clk 00:20:07]} {[%emt
00:00:02]} 2. Nf3 {[%clk 00:20:13]} {[%emt 00:00:02]} e6 {[%clk 00:20:09]}
{[%emt 00:00:03]} 3. d4 {[%clk 00:20:16]} {[%emt 00:00:02]} cxd4 {[%clk
00:20:11]} {[%emt 00:00:03]} 4. Nxd4 {[%clk 00:20:20]} {[%emt 00:00:02]} Nc6
{[%clk 00:20:14]} {[%emt 00:00:02]} 5. Nc3 {[%clk 00:20:23]} {[%emt 00:00:01]}
Qc7 {[%clk 00:20:13]} {[%emt 00:00:05]} 6. g3 {[%clk 00:20:11]} {[%emt
00:00:18]} a6 {[%clk 00:20:10]} {[%emt 00:00:08]} 7. Bg2 {[%clk 00:20:11]}
{[%emt 00:00:04]} Nf6 {[%clk 00:20:01]} {[%emt 00:00:13]} 8. O-O {[%clk
00:20:13]} {[%emt 00:00:03]} h5 {[%clk 00:19:14]} {[%emt 00:00:52]} 9. Re1
{[%clk 00:18:21]} {[%emt 00:01:58]} Ng4 {[%clk 00:14:57]} {[%emt 00:04:20]} 10.
Nxc6 {[%clk 00:15:46]} {[%emt 00:02:41]} dxc6 {[%clk 00:14:57]} {[%emt
00:00:05]} 11. h3 {[%clk 00:13:29]} {[%emt 00:02:22]} Ne5 {[%clk 00:14:11]}
{[%emt 00:00:51]} 12. Bf4 {[%clk 00:10:59]} {[%emt 00:02:36]} h4 {[%clk
00:13:37]} {[%emt 00:00:38]} 13. Qd4 {[%clk 00:08:49]} {[%emt 00:02:15]} f6
{[%clk 00:12:55]} {[%emt 00:00:47]} 14. Rad1 {[%clk 00:06:19]} {[%emt
00:02:36]} hxg3 {[%clk 00:12:03]} {[%emt 00:00:57]} 15. Bxg3 {[%clk 00:05:53]}
{[%emt 00:00:31]} Be7 {[%clk 00:09:16]} {[%emt 00:02:52]} 16. Qe3 {[%clk
00:04:11]} {[%emt 00:01:46]} b5 {[%clk 00:08:04]} {[%emt 00:01:18]} 17. a4
{[%clk 00:01:53]} {[%emt 00:02:23]} Bb7 {[%clk 00:06:58]} {[%emt 00:01:11]} 18.
Re2 {[%clk 00:01:04]} {[%emt 00:00:54]} b4 {[%clk 00:04:45]} {[%emt 00:02:18]}
19. Nb1 {[%clk 00:00:56]} {[%emt 00:00:14]} Qa5 {[%clk 00:04:38]} {[%emt
00:00:12]} 20. b3 {[%clk 00:00:39]} {[%emt 00:00:22]} Bc5 {[%clk 00:04:01]}
{[%emt 00:00:42]} 21. Qd2 {[%clk 00:00:20]} {[%emt 00:00:24]} Rd8 {[%clk
00:03:40]} {[%emt 00:00:27]} 22. Qxd8+ {[%clk 00:00:14]} {[%emt 00:00:11]} Qxd8
{[%clk 00:03:43]} {[%emt 00:00:01]} 23. Rxd8+ {[%clk 00:00:18]} {[%emt
00:00:02]} Kxd8 {[%clk 00:03:47]} {[%emt 00:00:01]} 24. Bxe5 {[%clk 00:00:08]}
{[%emt 00:00:14]} fxe5 {[%clk 00:03:50]} {[%emt 00:00:02]} 25. Nd2 {[%clk
00:00:13]} Ke7 {[%clk 00:03:39]} {[%emt 00:00:16]} 26. Nc4 {[%clk 00:00:16]}
{[%emt 00:00:02]} Bd4 {[%clk 00:03:38]} {[%emt 00:00:06]} 27. Na5 {[%clk
00:00:15]} {[%emt 00:00:06]} Ba8 {[%clk 00:03:30]} {[%emt 00:00:13]} 28. Nc4
{[%clk 00:00:10]} {[%emt 00:00:11]} c5 {[%clk 00:03:12]} {[%emt 00:00:22]} 29.
Nb6 {[%clk 00:00:09]} {[%emt 00:00:07]} Bc6 {[%clk 00:03:09]} {[%emt 00:00:08]}
30. Nc4 {[%clk 00:00:08]} {[%emt 00:00:05]} Rf8 {[%clk 00:02:42]} {[%emt
00:00:33]} 31. Na5 {[%clk 00:00:11]} {[%emt 00:00:03]} Be8 {[%clk 00:02:25]}
{[%emt 00:00:22]} 32. Kf1 {[%clk 00:00:07]} {[%emt 00:00:09]} Rf4 {[%clk
00:02:17]} {[%emt 00:00:12]} 33. Nc4 {[%clk 00:00:07]} {[%emt 00:00:05]} Bg6
{[%clk 00:01:55]} {[%emt 00:00:26]} 34. Na5 {[%clk 00:00:09]} {[%emt 00:00:04]}
Kd7 {[%clk 00:01:42]} {[%emt 00:00:18]} 35. Nc4 {[%clk 00:00:12]} {[%emt
00:00:02]} Kc7 {[%clk 00:01:34]} {[%emt 00:00:13]} 36. Ke1 {[%clk 00:00:08]}
{[%emt 00:00:08]} Bh5 {[%clk 00:01:35]} {[%emt 00:00:04]} 37. f3 {[%clk
00:00:06]} {[%emt 00:00:06]} Rf6 {[%clk 00:00:45]} {[%emt 00:00:56]} 38. Ne3
{[%clk 00:00:07]} {[%emt 00:00:04]} Bxf3 {[%clk 00:00:41]} {[%emt 00:00:09]} 39.
Bxf3 {[%clk 00:00:06]} {[%emt 00:00:06]} Rxf3 {[%clk 00:00:46]} 40. Nf1 {[%clk
00:00:07]} {[%emt 00:00:04]} Bc3+ {[%clk 00:00:45]} {[%emt 00:00:07]} 41. Nd2
{[%clk 00:00:10]} {[%emt 00:00:01]} Rxh3 {[%clk 00:00:45]} {[%emt 00:00:05]} 42.
Rg2 {[%clk 00:00:14]} {[%emt 00:00:01]} Re3+ {[%clk 00:00:35]} {[%emt
00:00:16]} 43. Kd1 {[%clk 00:00:18]} {[%emt 00:00:01]} Bxd2 {[%clk 00:00:36]}
{[%emt 00:00:04]} 44. Kxd2 {[%clk 00:00:21]} {[%emt 00:00:02]} Rxe4 {[%clk
00:00:40]} 45. Rxg7+ {[%clk 00:00:24]} {[%emt 00:00:02]} Kc6 {[%clk 00:00:40]}
{[%emt 00:00:05]} 46. Ra7 {[%clk 00:00:27]} {[%emt 00:00:02]} Rd4+ {[%clk
00:00:43]} {[%emt 00:00:03]} 47. Ke3 {[%clk 00:00:29]} {[%emt 00:00:02]} Kb6
{[%clk 00:00:47]} {[%emt 00:00:01]} 48. Re7 {[%clk 00:00:32]} {[%emt 00:00:02]}
Rd6 {[%clk 00:00:51]} {[%emt 00:00:01]} 49. Ke4 {[%clk 00:00:34]} {[%emt
00:00:02]} Rd2 {[%clk 00:00:51]} {[%emt 00:00:06]} 50. Rxe6+ {[%clk 00:00:38]}
Ka5 {[%clk 00:00:56]} 51. Rxe5 {[%clk 00:00:08]} {[%emt 00:00:35]} Rxc2 {[%clk
00:00:43]} {[%emt 00:00:17]} 52. Kd5 {[%clk 00:00:08]} {[%emt 00:00:06]} Kb6
{[%clk 00:00:43]} {[%emt 00:00:06]} 53. Re6+ {[%clk 00:00:12]} Kb7 {[%clk
00:00:46]} {[%emt 00:00:01]} 54. Re7+ {[%clk 00:00:16]} {[%emt 00:00:01]} Kc8
{[%clk 00:00:49]} {[%emt 00:00:02]} 55. Kc6 {[%clk 00:00:19]} {[%emt 00:00:02]}
Kd8 {[%clk 00:00:52]} {[%emt 00:00:02]} 56. Rd7+ {[%clk 00:00:23]} {[%emt
00:00:01]} Ke8 {[%clk 00:00:56]} {[%emt 00:00:01]} 57. Ra7 {[%clk 00:00:16]}
{[%emt 00:00:11]} c4 {[%clk 00:00:57]} {[%emt 00:00:04]} 58. bxc4 {[%clk
00:00:18]} {[%emt 00:00:03]} b3 {[%clk 00:01:00]} {[%emt 00:00:02]} 59. Rb7
{[%clk 00:00:18]} {[%emt 00:00:05]} Rxc4+ {[%clk 00:00:56]} {[%emt 00:00:09]}
60. Kd5 {[%clk 00:00:23]} Rc3 {[%clk 00:00:57]} {[%emt 00:00:04]} 61. Kd4
{[%clk 00:00:22]} {[%emt 00:00:05]} Rh3 {[%clk 00:00:55]} {[%emt 00:00:07]} 62.
Kc4 {[%clk 00:00:26]} {[%emt 00:00:01]} Kd8 {[%clk 00:00:53]} {[%emt 00:00:08]}
1/2-1/2

[Event "6. Esbjerg Efterår - Esbjergmesterskabet 2023"]
[Site "Rybners HTX"]
[Date "????.??.??"]
[Round "3.7"]
[White "Skytte, Robert"]
[Black "Rødgaard, John"]
[Result "0-1"]
[WhiteElo "1634"]
[BlackElo "2285"]

1. e4 {[%clk 00:20:08]} {[%emt 00:00:01]} c5 {[%clk 00:20:02]} {[%emt
00:00:08]} 2. Nf3 {[%clk 00:20:10]} {[%emt 00:00:03]} e6 {[%clk 00:19:59]}
{[%emt 00:00:08]} 3. d4 {[%clk 00:20:11]} {[%emt 00:00:04]} cxd4 {[%clk
00:20:01]} {[%emt 00:00:03]} 4. Nxd4 {[%clk 00:20:14]} {[%emt 00:00:02]} a6
{[%clk 00:19:50]} {[%emt 00:00:16]} 5. Nc3 {[%clk 00:20:12]} {[%emt 00:00:07]}
Qc7 {[%clk 00:19:48]} {[%emt 00:00:07]} 6. Be2 {[%clk 00:20:15]} {[%emt
00:00:02]} Nf6 {[%clk 00:19:36]} {[%emt 00:00:17]} 7. O-O {[%clk 00:20:17]}
{[%emt 00:00:03]} Bb4 {[%clk 00:18:54]} {[%emt 00:00:47]} 8. Be3 {[%clk
00:17:56]} {[%emt 00:02:26]} Bxc3 {[%clk 00:16:30]} {[%emt 00:02:29]} 9. bxc3
{[%clk 00:17:59]} {[%emt 00:00:03]} Nxe4 {[%clk 00:16:21]} {[%emt 00:00:13]} 10.
Bd3 {[%clk 00:17:58]} {[%emt 00:00:06]} Nf6 {[%clk 00:14:20]} {[%emt 00:02:06]}
11. Qf3 {[%clk 00:17:16]} {[%emt 00:00:47]} d5 {[%clk 00:09:32]} {[%emt
00:04:53]} 12. Bf4 {[%clk 00:16:19]} {[%emt 00:01:02]} Qe7 {[%clk 00:06:55]}
{[%emt 00:02:41]} 13. Rfe1 {[%clk 00:16:08]} {[%emt 00:00:16]} O-O {[%clk
00:04:50]} {[%emt 00:02:10]} 14. Nf5 {[%clk 00:14:15]} {[%emt 00:01:58]} Qd8
{[%clk 00:04:40]} {[%emt 00:00:15]} 15. Nd6 {[%clk 00:13:56]} {[%emt 00:00:24]}
Nbd7 {[%clk 00:04:05]} {[%emt 00:00:40]} 16. Qg3 {[%clk 00:10:32]} {[%emt
00:03:30]} Nh5 {[%clk 00:02:52]} {[%emt 00:01:17]} 17. Qh3 {[%clk 00:10:18]}
{[%emt 00:00:17]} g6 {[%clk 00:02:51]} {[%emt 00:00:08]} 18. Bh6 {[%clk
00:09:17]} {[%emt 00:01:06]} Ng7 {[%clk 00:02:26]} {[%emt 00:00:30]} 19. Nxc8
{[%clk 00:05:18]} {[%emt 00:04:05]} Rxc8 {[%clk 00:02:26]} {[%emt 00:00:04]} 20.
Qe3 {[%clk 00:04:51]} {[%emt 00:00:32]} e5 {[%clk 00:01:19]} {[%emt 00:01:12]}
21. f4 {[%clk 00:02:33]} {[%emt 00:02:23]} e4 {[%clk 00:01:14]} {[%emt
00:00:11]} 22. Bxg7 {[%clk 00:02:15]} {[%emt 00:00:23]} Kxg7 {[%clk 00:01:14]}
{[%emt 00:00:05]} 23. Be2 {[%clk 00:02:15]} {[%emt 00:00:05]} Qf6 {[%clk
00:01:11]} {[%emt 00:00:09]} 24. Rad1 {[%clk 00:01:41]} {[%emt 00:00:39]} Qxc3
{[%clk 00:01:01]} {[%emt 00:00:16]} 25. Qxc3+ {[%clk 00:01:38]} {[%emt
00:00:07]} Rxc3 {[%clk 00:01:05]} {[%emt 00:00:01]} 26. Rxd5 {[%clk 00:01:42]}
{[%emt 00:00:02]} Nf6 {[%clk 00:01:08]} {[%emt 00:00:02]} 27. Rd6 {[%clk
00:01:28]} {[%emt 00:00:19]} Rxc2 {[%clk 00:01:04]} {[%emt 00:00:09]} 28. Rb6
{[%clk 00:01:30]} {[%emt 00:00:02]} Rxa2 {[%clk 00:00:50]} {[%emt 00:00:19]} 29.
Rxb7 {[%clk 00:01:33]} {[%emt 00:00:03]} Rc8 {[%clk 00:00:53]} {[%emt
00:00:02]} 30. Ra7 {[%emt 00:00:38]} Rcc2 {[%clk 00:00:52]} 31. Bf1 {[%clk
00:00:45]} {[%emt 00:00:26]} a5 {[%clk 00:00:55]} {[%emt 00:00:02]} 32. Rd1
{[%clk 00:00:45]} {[%emt 00:00:05]} e3 {[%clk 00:00:50]} {[%emt 00:00:09]} 33.
Bb5 {[%clk 00:00:38]} {[%emt 00:00:13]} Rxg2+ {[%clk 00:00:46]} {[%emt
00:00:09]} 34. Kh1 {[%clk 00:00:39]} {[%emt 00:00:03]} Rxh2+ {[%clk 00:00:48]}
{[%emt 00:00:03]} 35. Kg1 {[%clk 00:00:42]} {[%emt 00:00:02]} Rag2+ {[%clk
00:00:48]} {[%emt 00:00:05]} 36. Kf1 {[%clk 00:00:46]} {[%emt 00:00:01]} e2+
{[%clk 00:00:45]} {[%emt 00:00:08]} 37. Bxe2 {[%clk 00:00:50]} {[%emt
00:00:01]} Rxe2 {[%clk 00:00:49]} {[%emt 00:00:02]} 38. Rxa5 {[%clk 00:00:53]}
{[%emt 00:00:02]} Rhf2+ {[%clk 00:00:47]} {[%emt 00:00:07]} 39. Kg1 {[%clk
00:00:50]} {[%emt 00:00:08]} Rxf4 {[%clk 00:00:50]} {[%emt 00:00:02]} 40. Rf1
{[%clk 00:00:49]} {[%emt 00:00:06]} Rxf1+ {[%clk 00:00:52]} {[%emt 00:00:03]}
41. Kxf1 {[%clk 00:00:52]} {[%emt 00:00:01]} Rb2 {[%clk 00:00:55]} {[%emt
00:00:02]} 0-1